Language Quiz

Random Language or Spanish Quiz

Spanish conjugating verbs Quiz Stats

 Plays Quiz not verified by Sporcle

Support Sporcle.
Go Orange.
Score 0/7 Timer 03:00
0 Plays Today
Subject Conjugated form of 'nadar' % Correct
????
100%
????
95.2%
????
95.2%
????
93.5%
????
93.5%
????
93.5%
????
91.9%

You're not logged in!

Compare scores with friends on all Sporcle quizzes.
OR
Log In

From the Vault

Popsicle Stick Jokes

by baconNbeer

If you're going to a birthday party for a 5 year old, these jokes will make you the funniest person on Earth.
Remove Ads.
Support Sporcle.
Get the best of Sporcle when you Go Orange. This ad-free experience offers more features, more stats, and more fun while also helping to support Sporcle. Thank you for becoming a member.

Show Comments

Extras

Top Quizzes Today


Score Distribution

Your Account Isn't Verified!

In order to create a playlist on Sporcle, you need to verify the email address you used during registration. Go to your Sporcle Settings to finish the process.

Report this User

Report this user for behavior that violates our Community Guidelines.

Details: